[Event "HUN-ch Rapid"]
[Site "Ajka"]
[Date "2022.07.17"]
[Round "11"]
[White "Straubinger, Daniel"]
[Black "Szamoskozi, Gabor"]
[Result "0-1"]
[WhiteElo "2349"]
[BlackElo "2243"]
[PlyCount "110"]
[EventDate "2022.07.15"]
[EventType "swiss (rapid)"]
[EventRounds "13"]
[EventCountry "HUN"]
[SourceTitle "CBM 209 Extra"]
[Source "ChessBase"]
[SourceDate "2022.09.30"]
[SourceVersion "1"]
[SourceVersionDate "2022.09.30"]
[SourceQuality "1"]

1. e4 c6 2. Nc3 d5 3. Nf3 dxe4 4. Nxe4 Nf6 5. Qe2 Nxe4 6. Qxe4 Nd7 7. Bc4 Nf6 8. Ne5 e6 9. Qe2 b5 10. Bb3 Qc7 11. d4 Bd6 12. 0-0 0-0 13. c3 Bb7 14. Re1 a6 15. Bc2 c5 16. dxc5 Qxc5 17. Bf4 Rad8 18. Rad1 Bd5 19. a3 a5 20. Bg3 b4 21. axb4 axb4 22. Nd3 Qb6 23. Bxd6 Rxd6 24. Nxb4 Bb7 25. Rxd6 Qxd6 26. Rd1 Qf4 27. f3 h5 28. Qd2 Qc7 29. Qd6 Qc4 30. Qd4 Qe2 31. h4 Ng4 32. Qd2 Bxf3 33. Qxe2 Bxe2 34. Rd2 Bb5 35. Bd1 Ra8 36. Bxg4 hxg4 37. Kf2 f5 38. Nc2 Kf7 39. g3 Kf6 40. Nd4 Bc4 41. b3 Bd5 42. c4 Be4 43. Nb5 Rb8 44. Ke3 g5 45. hxg5+ Kxg5 46. Rb2 e5 47. Nd6 Bf3 48. b4 f4+ 49. Kf2 e4 50. Ra2 e3+ 51. Kg1 Rxb4 52. Ra5+ Kg6 53. Rb5 e2 54. Kf2 fxg3+ 55. Ke1 Rxb5 0-1

[Event "HUN-ch Rapid"]
[Site "Ajka"]
[Date "2022.07.16"]
[Round "8"]
[White "Benedek, Istvan1111"]
[Black "Straubinger, Daniel"]
[Result "0-1"]
[WhiteElo "2059"]
[BlackElo "2349"]
[PlyCount "80"]
[EventDate "2022.07.15"]
[EventType "swiss (rapid)"]
[EventRounds "13"]
[EventCountry "HUN"]
[SourceTitle "CBM 209 Extra"]
[Source "ChessBase"]
[SourceDate "2022.09.30"]
[SourceVersion "1"]
[SourceVersionDate "2022.09.30"]
[SourceQuality "1"]

1. e4 c6 2. d4 d5 3. f3 g6 4. Nc3 Bg7 5. Be3 Nf6 6. e5 Nfd7 7. Qd2 h5 8. Bd3 Nf8 9. f4 Bf5 10. Nf3 Nbd7 11. 0-0 Qc7 12. Na4 Nb6 13. Nc5 Nc4 14. Bxc4 dxc4 15. Qc3 b6 16. Na4 Nd7 17. b3 b5 18. Nb2 cxb3 19. cxb3 Nb6 20. Qc5 0-0 21. Rac1 Rfc8 22. Nh4 Be4 23. f5 Nd5 24. Bd2 e6 25. fxe6 Bf8 26. Rxf7 Bxc5 27. Rxc5 Qd8 28. g3 Nc7 29. Rd7 Qe8 30. Bg5 Nxe6 31. Re7 Nxg5 32. Rxe8+ Rxe8 33. Nd1 Nh3+ 34. Kf1 Rad8 35. Nc3 Bd3+ 36. Kg2 Ng5 37. Rxc6 b4 38. Nf3 Nxf3 39. Kxf3 bxc3 40. Ke3 Rc8 0-1

[Event "HUN-ch Rapid"]
[Site "Ajka"]
[Date "2022.07.16"]
[Round "9"]
[White "Straubinger, Daniel"]
[Black "Varga, Zoltan"]
[Result "0-1"]
[WhiteElo "2349"]
[BlackElo "2401"]
[PlyCount "60"]
[EventDate "2022.07.15"]
[EventType "swiss (rapid)"]
[EventRounds "13"]
[EventCountry "HUN"]
[SourceTitle "CBM 209 Extra"]
[Source "ChessBase"]
[SourceDate "2022.09.30"]
[SourceVersion "1"]
[SourceVersionDate "2022.09.30"]
[SourceQuality "1"]

1. e4 Nf6 2. Nc3 d5 3. exd5 Nxd5 4. Nxd5 Qxd5 5. d4 e5 6. dxe5 Qxd1+ 7. Kxd1 Nc6 8. Bb5 Bg4+ 9. f3 0-0-0+ 10. Bd2 Bd7 11. Bxc6 Bxc6 12. Ne2 Rd5 13. Nf4 Rxe5 14. Re1 Bd6 15. h3 Rg5 16. Re2 Bb5 17. Nd3 Rd5 18. Bc3 f6 19. a4 Bxd3 20. cxd3 Rxd3+ 21. Kc2 Rd5 22. Rae1 Kd7 23. Re4 h5 24. Bb4 c5 25. Bc3 b6 26. Kb3 a6 27. Kc2 Rc8 28. Bd2 Re5 29. Bf4 Rxe4 30. Rxe4 f5 0-1

[Event "HUN-ch Rapid"]
[Site "Ajka"]
[Date "2022.07.15"]
[Round "2"]
[White "Kiss, Gergely2222"]
[Black "Straubinger, Daniel"]
[Result "1/2-1/2"]
[WhiteElo "2080"]
[BlackElo "2349"]
[PlyCount "96"]
[EventDate "2022.07.15"]
[EventType "swiss (rapid)"]
[EventRounds "13"]
[EventCountry "HUN"]
[SourceTitle "CBM 209 Extra"]
[Source "ChessBase"]
[SourceDate "2022.09.30"]
[SourceVersion "1"]
[SourceVersionDate "2022.09.30"]
[SourceQuality "1"]

1. d4 d5 2. Nf3 Nf6 3. c4 c6 4. e3 Bg4 5. Nc3 e6 6. Qb3 Qc7 7. Ne5 Bf5 8. Bd2 Nbd7 9. f4 Ne4 10. Nxe4 Bxe4 11. Rc1 Be7 12. Nf3 0-0 13. Be2 Qb6 14. Qxb6 axb6 15. a3 Rfe8 16. 0-0 f6 17. Bc3 Bd6 18. Nd2 f5 19. Nf3 dxc4 20. Bxc4 b5 21. Be2 Nb6 22. Nd2 Nd5 23. Nxe4 fxe4 24. Bd2 b4 25. axb4 Ra2 26. Rc2 Bxb4 27. Bc1 Bd6 28. Bd2 Rea8 29. Bc4 Ra1 30. Rcc1 Rxc1 31. Rxc1 Kf7 32. Rf1 g6 33. g4 Ke7 34. Bb3 Bb4 35. Bc1 Nf6 36. h3 h5 37. g5 Ne8 38. Rd1 Nd6 39. Bc2 Kd7 40. Kf2 Ra1 41. Ke2 Ra2 42. Bb1 Ra1 43. Bc2 Kc7 44. Bb3 Kd7 45. Bc2 b5 46. Rg1 Ke7 47. Rd1 Kd7 48. Rg1 Ke7 1/2-1/2

[Event "HUN-chT 2122"]
[Site "Hungary"]
[Date "2021.10.31"]
[Round "2.9"]
[White "Straubinger, Daniel"]
[Black "Stohl, Igor"]
[Result "1/2-1/2"]
[WhiteElo "2317"]
[BlackElo "2454"]
[PlyCount "58"]
[EventDate "2021.10.10"]
[EventType "team-tourn"]
[EventRounds "9"]
[EventCountry "HUN"]
[SourceTitle "EXT 2023"]
[Source "ChessBase"]
[SourceDate "2022.10.05"]
[SourceVersion "1"]
[SourceVersionDate "2022.10.05"]
[SourceQuality "1"]
[WhiteTeam "Biatorbagy"]
[BlackTeam "Tungsram ANSK"]
[WhiteTeamCountry "HUN"]
[BlackTeamCountry "HUN"]

1. e4 c5 2. Nf3 e6 3. d4 cxd4 4. Nxd4 Nf6 5. Nc3 d6 6. Be2 a6 7. 0-0 Be7 8. a4 Nc6 9. Be3 0-0 10. Kh1 Qc7 11. f4 Nxd4 12. Qxd4 Bd7 13. Bf3 e5 14. Qd3 Bc6 15. f5 b5 16. axb5 axb5 17. Nxb5 Bxb5 18. Qxb5 Rab8 19. Qd3 Rxb2 20. Ra7 Rb7 21. Rfa1 Rfb8 22. h3 Rxa7 23. Rxa7 Rb1+ 24. Kh2 Rb7 25. Ra8+ Rb8 26. Ra7 Rb7 27. Ra8+ Rb8 28. Ra7 Rb7 29. Ra8+ Rb8 1/2-1/2

[Event "SVK-chT1E 1920"]
[Site "Slovakia"]
[Date "2020.06.20"]
[Round "10.5"]
[White "Adamko, Peter"]
[Black "Straubinger, Daniel"]
[Result "1/2-1/2"]
[WhiteElo "2103"]
[BlackElo "2326"]
[PlyCount "80"]
[EventDate "2019.10.12"]
[EventType "team-tourn"]
[EventRounds "11"]
[EventCountry "SVK"]
[SourceTitle "EXT 2022"]
[Source "ChessBase"]
[SourceDate "2021.10.06"]
[SourceVersion "1"]
[SourceVersionDate "2021.10.06"]
[SourceQuality "1"]
[WhiteTeam "Cadca"]
[BlackTeam "Cebovce"]
[WhiteTeamCountry "SVK"]
[BlackTeamCountry "SVK"]

1. d4 d5 2. Bf4 Nf6 3. e3 c5 4. dxc5 Qa5+ 5. c3 Qxc5 6. Qd4 e6 7. Nf3 Nc6 8. Qxc5 Bxc5 9. Nbd2 0-0 10. Nb3 Bb6 11. Be2 Re8 12. Rd1 Ne4 13. h3 f6 14. Bh2 Rd8 15. Nfd2 Nxd2 16. Rxd2 Kf8 17. Bf3 Bd7 18. 0-0 Rac8 19. Bd6+ Kf7 20. Bg3 Ne7 21. e4 Bc6 22. exd5 Bxd5 23. Bxd5 Rxd5 24. Rfd1 h5 25. Rxd5 Nxd5 26. Kf1 a6 27. Ke2 g5 28. Rd3 Ke7 29. Nd2 Rc6 30. Ne4 Ba7 31. h4 gxh4 32. Bh2 Rc4 33. Nd6 Rg4 34. Nc8+ Ke8 35. Nxa7 Rxg2 36. Bb8 Rg8 37. c4 Ne7 38. Bc7 Kf7 39. b4 e5 40. Bb6 Ng6 1/2-1/2

[Event "HUN-chT2 Maroczy 1819"]
[Site "Hungary"]
[Date "2019.01.27"]
[Round "6.4"]
[White "Straubinger, Daniel"]
[Black "Marosi, Levente"]
[Result "1-0"]
[WhiteElo "2256"]
[BlackElo "2255"]
[PlyCount "75"]
[EventDate "2018.09.23"]
[EventType "team-tourn"]
[EventRounds "11"]
[EventCountry "HUN"]
[SourceTitle "EXT 2020"]
[Source "ChessBase"]
[SourceDate "2019.10.17"]
[SourceVersion "1"]
[SourceVersionDate "2019.10.17"]
[SourceQuality "1"]
[WhiteTeam "Kobanya Aquarena II"]
[BlackTeam "Budapest MTK"]
[WhiteTeamCountry "HUN"]
[BlackTeamCountry "HUN"]

1. e4 c6 2. d4 d5 3. Nc3 dxe4 4. Nxe4 Bf5 5. Ng3 Bg6 6. h4 h6 7. Nf3 e6 8. Ne5 Bh7 9. Qh5 Qc7 10. Bc4 Nf6 11. Qe2 Bd6 12. Bd2 Qe7 13. 0-0-0 Nbd7 14. f4 Nd5 15. Nh5 0-0-0 16. g4 N7b6 17. Bd3 Bxd3 18. Qxd3 Nf6 19. Nxf6 Qxf6 20. Qe4 h5 21. f5 exf5 22. gxf5 Qe7 23. Rde1 Rhe8 24. Qf3 Qc7 25. Qxh5 Bxe5 26. dxe5 Rxe5 27. Bc3 Rxe1+ 28. Rxe1 f6 29. Qg4 Qf7 30. b3 Rd7 31. Re6 Nd5 32. Bd4 Nc7 33. Bxa7 Qf8 34. Kb2 Nb5 35. Qa4 Rd1 36. Qa5 Qd8 37. Bb6 Nc7 38. Bxc7 1-0

[Event "HUN-chT2 Maroczy 1718"]
[Site "Hungary"]
[Date "2018.03.04"]
[Round "7.6"]
[White "Straubinger, Daniel"]
[Black "Bors, Tamas"]
[Result "1-0"]
[WhiteElo "2235"]
[BlackElo "2233"]
[PlyCount "51"]
[EventDate "2017.10.29"]
[EventType "team-tourn"]
[EventRounds "9"]
[EventCountry "HUN"]
[SourceTitle "EXT 2021"]
[Source "ChessBase"]
[SourceDate "2020.10.23"]
[SourceVersion "1"]
[SourceVersionDate "2020.10.23"]
[SourceQuality "1"]
[WhiteTeam "Budapest Kobanya II"]
[BlackTeam "Taban Spartacus"]
[WhiteTeamCountry "HUN"]
[BlackTeamCountry "HUN"]

1. e4 c5 2. Nf3 d6 3. d4 cxd4 4. Nxd4 Nf6 5. Nc3 a6 6. Be2 e6 7. 0-0 Be7 8. Be3 Qc7 9. a4 b6 10. f4 Bb7 11. Bf3 Nbd7 12. Qe1 g6 13. Rd1 e5 14. Nb3 0-0-0 15. Qf2 h6 16. Nd5 Nxd5 17. exd5 f5 18. a5 b5 19. Bb6 Nxb6 20. axb6 Qc4 21. fxe5 dxe5 22. d6 Bxf3 23. Qxf3 e4 24. dxe7 exf3 25. exd8Q+ Rxd8 26. b7+ 1-0

[Event "HUN-chT 1314"]
[Site "Hungary"]
[Date "2014.04.13"]
[Round "8"]
[White "Straubinger, Daniel"]
[Black "Saric, Sinisa"]
[Result "1/2-1/2"]
[WhiteElo "2242"]
[BlackElo "2401"]
[PlyCount "80"]
[EventDate "2013.09.08"]
[EventType "team-tourn"]
[EventRounds "9"]
[EventCountry "HUN"]
[SourceTitle "EXT 2015"]
[Source "ChessBase"]
[SourceDate "2014.11.20"]
[SourceVersion "1"]
[SourceVersionDate "2014.11.20"]
[SourceQuality "1"]
[WhiteTeam "Decs"]
[BlackTeam "Mako"]
[WhiteTeamCountry "HUN"]
[BlackTeamCountry "HUN"]

1. e4 d5 2. exd5 Qxd5 3. Nc3 Qa5 4. d4 Nf6 5. Bc4 Bg4 6. Nge2 Nc6 7. f3 Bh5 8. Bd2 0-0-0 9. Nd5 Qa4 10. Bb3 Qa6 11. Nxf6 gxf6 12. d5 Na5 13. Nf4 Bg6 14. Nxg6 hxg6 15. Qe2 Qxe2+ 16. Kxe2 Nxb3 17. axb3 a6 18. c4 e6 19. dxe6 Re8 20. h3 Rxe6+ 21. Kd1 Bc5 22. Re1 Rhe8 23. Rxe6 Rxe6 24. Ra5 c6 25. Bc3 Kd7 26. Ra1 Kd6 27. Kd2 Bf2 28. Kd3 f5 29. Rf1 Bg3 30. b4 c5 31. bxc5+ Kxc5 32. b3 Rd6+ 33. Kc2 b5 34. cxb5 axb5 35. Rd1 Re6 36. Bd4+ Kc6 37. Kd3 Rd6 38. Ke2 Re6+ 39. Kd3 Rd6 40. Ke2 Re6+ 1/2-1/2

[Event "HUN-chT 1314"]
[Site "Hungary"]
[Date "2014.03.02"]
[Round "6"]
[White "Bokros, Albert"]
[Black "Straubinger, Daniel"]
[Result "1-0"]
[WhiteElo "2458"]
[BlackElo "2242"]
[PlyCount "89"]
[EventDate "2013.09.08"]
[EventType "team-tourn"]
[EventRounds "9"]
[EventCountry "HUN"]
[SourceTitle "EXT 2015"]
[Source "ChessBase"]
[SourceDate "2014.11.20"]
[SourceVersion "1"]
[SourceVersionDate "2014.11.20"]
[SourceQuality "1"]
[WhiteTeam "Penzugyor"]
[BlackTeam "Decs"]
[WhiteTeamCountry "HUN"]
[BlackTeamCountry "HUN"]

1. e4 e5 2. Nf3 Nc6 3. Bb5 a6 4. Ba4 Nf6 5. 0-0 Be7 6. Re1 b5 7. Bb3 d6 8. c3 0-0 9. h3 Na5 10. Bc2 c5 11. d4 Qc7 12. Nbd2 cxd4 13. cxd4 Nc6 14. Nb3 a5 15. Be3 a4 16. Nbd2 Bd7 17. a3 Qb7 18. Bd3 Rfe8 19. Qe2 b4 20. dxe5 Nxe5 21. Nxe5 dxe5 22. Nc4 Bc6 23. Bg5 Nd7 24. Bxe7 Rxe7 25. Nd6 Qb6 26. Nf5 Ree8 27. Qg4 g6 28. Bc4 Nf6 29. Qh4 Bxe4 30. Nh6+ Kg7 31. Nxf7 Bd5 32. Bxd5 Nxd5 33. Nxe5 bxa3 34. bxa3 Nf6 35. Re3 Nd5 36. Ree1 Nf6 37. Rab1 Qa6 38. Rbc1 Qa5 39. Qf4 Rac8 40. Nf3 Rxc1 41. Rxc1 Re7 42. Rc4 Ra7 43. Rc6 Rf7 44. Ng5 Qb5 45. Rd6 1-0

[Event "HUN-chT 1314"]
[Site "Hungary"]
[Date "2013.11.03"]
[Round "4"]
[White "Straubinger, Daniel"]
[Black "Tompa, Janos"]
[Result "1/2-1/2"]
[WhiteElo "2242"]
[BlackElo "2376"]
[PlyCount "40"]
[EventDate "2013.09.08"]
[EventType "team-tourn"]
[EventRounds "9"]
[EventCountry "HUN"]
[SourceTitle "EXT 2015"]
[Source "ChessBase"]
[SourceDate "2014.11.20"]
[SourceVersion "1"]
[SourceVersionDate "2014.11.20"]
[SourceQuality "1"]
[WhiteTeam "Decs"]
[BlackTeam "Dunaharaszti"]
[WhiteTeamCountry "HUN"]
[BlackTeamCountry "HUN"]

1. e4 c5 2. Nf3 e6 3. d4 cxd4 4. Nxd4 Nc6 5. Nc3 Qc7 6. Be2 Nf6 7. 0-0 a6 8. Kh1 b5 9. Nxc6 dxc6 10. f4 Be7 11. Bf3 e5 12. Qe1 0-0 13. f5 h6 14. Be3 Bb7 15. Nd1 c5 16. Nf2 c4 17. Bd2 Rfe8 18. Ng4 Nxg4 19. Bxg4 Qc6 20. Bf3 Rad8 1/2-1/2

[Event "HUN-chT 1213"]
[Site "Hungary"]
[Date "2013.02.17"]
[Round "7"]
[White "Antal, Tibor Kende"]
[Black "Straubinger, Daniel"]
[Result "1/2-1/2"]
[WhiteElo "2333"]
[BlackElo "2268"]
[PlyCount "115"]
[EventDate "2012.09.16"]
[EventType "team-tourn"]
[EventRounds "9"]
[EventCountry "HUN"]
[SourceTitle "EXT 2014"]
[Source "ChessBase"]
[SourceDate "2013.11.20"]
[SourceVersion "1"]
[SourceVersionDate "2013.11.20"]
[SourceQuality "1"]
[WhiteTeam "Paks"]
[BlackTeam "Decs"]
[WhiteTeamCountry "HUN"]
[BlackTeamCountry "HUN"]

1. e4 e5 2. Nf3 Nc6 3. Bb5 a6 4. Ba4 Nf6 5. 0-0 Be7 6. Re1 b5 7. Bb3 d6 8. c3 0-0 9. h3 Na5 10. Bc2 c5 11. d4 Qc7 12. Nbd2 cxd4 13. cxd4 Nc6 14. Nb3 a5 15. Be3 a4 16. Nbd2 Bd7 17. Rc1 Rac8 18. Bd3 Qb8 19. Qe2 Nb4 20. Bb1 Rfe8 21. a3 Nc6 22. b4 axb3 23. Nxb3 exd4 24. Nfxd4 b4 25. axb4 Qxb4 26. Nxc6 Rxc6 27. Nd4 Rxc1 28. Rxc1 Qb7 29. Qd3 h6 30. Bf4 Bf8 31. Re1 g6 32. Bc2 Nh5 33. Bd2 Bg7 34. Nf3 Bc6 35. Qxd6 Bxe4 36. Bxe4 Rxe4 37. Qd8+ Kh7 38. Rc1 Bf6 39. Qf8 Bg7 40. Qd8 Bf6 41. Qd6 Re6 42. Qd3 Bg7 43. Rc4 Re7 44. Be3 Rd7 45. Qc2 Qd5 46. Rc5 Qd1+ 47. Qxd1 Rxd1+ 48. Kh2 Rd7 49. g3 Nf6 50. Kg2 Ne4 51. Ra5 Rb7 52. h4 Bc3 53. Ra4 Nf6 54. Rc4 Nd5 55. Bd4 Bxd4 56. Rxd4 Nf6 57. Ne5 h5 58. f4 1/2-1/2

[Event "HUN-chT U18"]
[Site "Budapest"]
[Date "2012.10.28"]
[Round "3.3"]
[White "Straubinger, Daniel"]
[Black "Havanecz, Bianka"]
[Result "0-1"]
[WhiteElo "2268"]
[BlackElo "2064"]
[PlyCount "70"]
[EventDate "2012.10.28"]
[EventType "team-swiss"]
[EventRounds "8"]
[EventCountry "HUN"]
[SourceTitle "EXT 2020"]
[Source "ChessBase"]
[SourceDate "2019.10.17"]
[SourceVersion "1"]
[SourceVersionDate "2019.10.17"]
[SourceQuality "1"]

1. e4 c5 2. Nf3 d6 3. c3 Nf6 4. h3 Nc6 5. Bd3 e6 6. 0-0 Be7 7. Bc2 0-0 8. Re1 b5 9. d4 cxd4 10. cxd4 Nb4 11. Bb3 Bb7 12. Nc3 Qd7 13. Bg5 a5 14. a3 Na6 15. Nd2 h6 16. Bf4 Rfd8 17. Bg3 Rac8 18. Qe2 Nc7 19. f4 Ba6 20. Qf3 Nh7 21. Rad1 Rb8 22. Ne2 a4 23. Ba2 b4 24. Bf2 d5 25. e5 bxa3 26. bxa3 Rb2 27. Nc1 Nb5 28. Nb1 Rc8 29. Re2 Rcc2 30. Rxc2 Rxc2 31. Qe3 Qc6 32. Kh2 Nf8 33. Be1 Ng6 34. Bd2 Nh4 35. g4 Nxd4 0-1

[Event "HUN-ch U18"]
[Site "Balatonlelle"]
[Date "2012.06.26"]
[Round "5"]
[White "Straubinger, Daniel"]
[Black "Grimm, Daniel"]
[Result "1/2-1/2"]
[WhiteElo "2226"]
[BlackElo "2099"]
[PlyCount "225"]
[EventDate "2012.06.22"]
[EventType "tourn"]
[EventRounds "9"]
[EventCountry "HUN"]
[SourceTitle "EXT 2014"]
[Source "ChessBase"]
[SourceDate "2013.11.20"]
[SourceVersion "1"]
[SourceVersionDate "2013.11.20"]
[SourceQuality "1"]

1. e4 Nf6 2. Nc3 d5 3. e5 Nfd7 4. d4 c5 5. f4 e6 6. Nf3 Nc6 7. Ne2 b6 8. c3 Ba6 9. a3 Bxe2 10. Bxe2 c4 11. 0-0 Be7 12. Ng5 Bxg5 13. fxg5 Na5 14. Be3 Nb3 15. Rb1 Qe7 16. Bh5 g6 17. Bg4 b5 18. Qe1 a5 19. Bd1 Rb8 20. Bc2 Kd8 21. Qd1 a4 22. Qf3 Rf8 23. Qh3 Rh8 24. Qf3 Rf8 25. Qh3 Rh8 26. Rf2 Kc7 27. Rbf1 Rbf8 28. Qg4 Kd8 29. Rf3 Na5 30. Bd2 Nb3 31. Be3 Na5 32. Rf4 Ke8 33. Qh3 Rfg8 34. Rh4 Rg7 35. Rf6 Nf8 36. Kf1 Nb3 37. Qf3 Na1 38. Bb1 Nb3 39. Kg1 Na5 40. Rhf4 Nb7 41. Qf2 Nd8 42. Rf3 Nd7 43. h4 Rgg8 44. R6f4 Nf8 45. Bd2 Nd7 46. Bc2 Nb6 47. Rh3 Nd7 48. Kf1 Nb6 49. Rff3 Nd7 50. Ke1 Nb8 51. Qf1 Nd7 52. Rh2 Rg7 53. Qh1 Nf8 54. Rf6 Nd7 55. h5 Nf8 56. Rh4 Nb7 57. Qh3 Nd8 58. Qf3 Nb7 59. Qh3 Nd8 60. Bd1 Nb7 61. Bg4 Nd8 62. Kd1 Qd7 63. Kc1 Qe7 64. Kb1 Qd7 65. Bd1 Qe7 66. Rhf4 Qd7 67. Bc2 Qe7 68. Rf1 Qd7 69. Kc1 Qe7 70. Kd1 Nc6 71. Ke2 Qd7 72. Kf2 Qe7 73. Kg1 Qd7 74. Bc1 Qe7 75. Qf3 Nd8 76. Qf2 Qd7 77. Bd1 Qe7 78. Be2 Nd7 79. Rf3 Nf8 80. Bd1 Nd7 81. Bc2 Nf8 82. Bb1 Nd7 83. Qh4 Nf8 84. Kf2 Nd7 85. Ke1 Nf8 86. Rh3 Nd7 87. Rf6 Nf8 88. Qf2 Nc6 89. Rhf3 Nd8 90. Qf1 Rgg8 91. Qh1 Rg7 92. Bc2 Rgg8 93. Bd1 Rg7 94. Rf2 Rgg8 95. Bg4 Rg7 96. hxg6 fxg6 97. Qh6 Rhg8 98. g3 Rf7 99. Qh1 Qd7 100. Kd1 Rgg7 101. Kc2 Rg8 102. Kb1 Rgg7 103. Kc2 Rg8 104. Kd1 Rgg7 105. Ke1 Rg8 106. Kf1 Rgg7 107. Kg1 Rg8 108. Kh2 Rgg7 109. Qf1 Rg8 110. b3 axb3 111. a4 bxa4 112. Ba3 Rgg7 113. Kg1 1/2-1/2

[Event "HUN-ch U18"]
[Site "Balatonlelle"]
[Date "2012.06.24"]
[Round "3"]
[White "Tesik, Csaba"]
[Black "Straubinger, Daniel"]
[Result "1/2-1/2"]
[WhiteElo "2339"]
[BlackElo "2226"]
[PlyCount "70"]
[EventDate "2012.06.22"]
[EventType "tourn"]
[EventRounds "9"]
[EventCountry "HUN"]
[SourceTitle "EXT 2014"]
[Source "ChessBase"]
[SourceDate "2013.11.20"]
[SourceVersion "1"]
[SourceVersionDate "2013.11.20"]
[SourceQuality "1"]

1. e4 e5 2. Nf3 Nc6 3. Bb5 a6 4. Ba4 Nf6 5. 0-0 Be7 6. Re1 b5 7. Bb3 d6 8. c3 0-0 9. h3 Na5 10. Bc2 c5 11. d4 Qc7 12. Nbd2 cxd4 13. cxd4 Nc6 14. Nb3 a5 15. Be3 a4 16. Nbd2 Bd7 17. Rc1 Rac8 18. Qe2 Qb8 19. a3 Rfe8 20. Bb1 Bd8 21. dxe5 Nxe5 22. Nxe5 dxe5 23. b4 axb3 24. Nxb3 b4 25. Rxc8 Bxc8 26. axb4 Qxb4 27. Nc5 Be7 28. Rc1 Rd8 29. Ba2 Bxc5 30. Rxc5 Qxe4 31. Qd2 Re8 32. Rc7 Be6 33. Bxe6 fxe6 34. Qd6 Nd5 35. Rc8 Qg6 1/2-1/2

[Event "HUN-chT 1112"]
[Site "Hungary"]
[Date "2012.05.20"]
[Round "11"]
[White "Bagi, Istvan"]
[Black "Straubinger, Daniel"]
[Result "0-1"]
[WhiteElo "1627"]
[BlackElo "2226"]
[PlyCount "92"]
[EventDate "2011.09.25"]
[EventType "team-tourn"]
[EventRounds "11"]
[EventCountry "HUN"]
[SourceTitle "EXT 2013"]
[Source "ChessBase"]
[SourceDate "2012.11.22"]
[SourceVersion "1"]
[SourceVersionDate "2012.11.22"]
[SourceQuality "1"]
[WhiteTeam "Tatai Honved"]
[BlackTeam "Decs"]
[WhiteTeamCountry "HUN"]
[BlackTeamCountry "HUN"]

1. e4 c6 2. Nc3 d5 3. exd5 cxd5 4. d4 Nc6 5. Nf3 Bg4 6. Be2 e6 7. h3 Bh5 8. g4 Bg6 9. a3 Bd6 10. Bd3 Nge7 11. Be3 a6 12. Qd2 Na5 13. 0-0 h5 14. Kg2 Bxd3 15. Qxd3 Ng6 16. b3 hxg4 17. hxg4 Nh4+ 18. Nxh4 Qxh4 19. Kf3 f5 20. Rg1 Bh2 21. Nxd5 Bxg1 22. Nc7+ Kd7 23. Rxg1 Kxc7 24. Bf4+ Kd7 25. gxf5 Qh3+ 26. Rg3 Qxf5 27. Rxg7+ Ke8 28. Qxf5 exf5 29. d5 Rd8 30. d6 Rd7 31. Rg5 Nc6 32. c3 Rf7 33. a4 Rh3+ 34. Rg3 Rxg3+ 35. fxg3 Kd7 36. b4 Ke6 37. a5 Ne5+ 38. Ke3 Kd5 39. Ke2 Rd7 40. Kd2 Rxd6 41. Kc2 Ke4 42. Kb3 Rd3 43. Kc2 Nc4 44. Kb3 Ne3 45. Bxe3 Rxe3 46. Kc4 Rxg3 0-1

[Event "HUN-chT 1112"]
[Site "Hungary"]
[Date "2012.03.25"]
[Round "8"]
[White "Kovacs, Adrian"]
[Black "Straubinger, Daniel"]
[Result "1/2-1/2"]
[WhiteElo "2233"]
[BlackElo "2226"]
[PlyCount "49"]
[EventDate "2011.09.25"]
[EventType "team-tourn"]
[EventRounds "11"]
[EventCountry "HUN"]
[SourceTitle "EXT 2013"]
[Source "ChessBase"]
[SourceDate "2012.11.22"]
[SourceVersion "1"]
[SourceVersionDate "2012.11.22"]
[SourceQuality "1"]
[WhiteTeam "Toth Laszlo"]
[BlackTeam "Decs"]
[WhiteTeamCountry "HUN"]
[BlackTeamCountry "HUN"]

1. c4 c6 2. Nf3 d5 3. g3 Nf6 4. Bg2 Bf5 5. b3 e6 6. Bb2 Nbd7 7. 0-0 Be7 8. d3 0-0 9. Nbd2 h6 10. Re1 Bh7 11. Qc2 Rc8 12. Rac1 Qa5 13. Bc3 Bb4 14. Bxb4 Qxb4 15. Qb2 Rfe8 16. a3 Qb6 17. b4 a5 18. Qc3 axb4 19. axb4 Ng4 20. Rf1 Ra8 21. h3 Ngf6 22. Ra1 Qc7 23. Rxa8 Rxa8 24. Ra1 Qb8 25. Qb2 1/2-1/2